IFM Opac

FREEDOM OF ASSOCIATION (Record no. 14884)

MARC details
000 -LEADER
fixed length control field 00273nam a22001217a 4500
020 ## - INTERNATIONAL STANDARD BOOK NUMBER
International Standard Book Number 9221014576
082 ## - DEWEY DECIMAL CLASSIFICATION NUMBER
Classification number 331.87ILO
245 ## - TITLE STATEMENT
Title FREEDOM OF ASSOCIATION
260 ## - PUBLICATION, DISTRIBUTION, ETC.
Place of publication, distribution, etc. GENEVA
Name of publisher, distributor, etc. ILO
Date of publication, distribution, etc. 1976
300 ## - PHYSICAL DESCRIPTION
Extent -XII,-180-P
Other physical details 25CM
650 ## - SUBJECT ADDED ENTRY--TOPICAL TERM
Topical term or geographic name entry element FREEDOM OF ASSOCIATION
942 ## - ADDED ENTRY ELEMENTS (KOHA)
Koha item type Books
Holdings
Withdrawn status Lost status Damaged status Not for loan Home library Current library Shelving location Date acquired Total Checkouts Full call number Barcode Date last seen Price effective from Koha item type
Withdrawn       IFM Main Campus Library IFM Main Campus Library Archival Collection 01/24/2016   331.87ILO 0000007310 01/24/2016 02/19/2022 Books